RESEARCH METHODOLOGY METHODS & TECHNIQUES (Record no. 20969)

MARC details
000 -LEADER
fixed length control field 00366nam a22001577a 4500
003 - CONTROL NUMBER IDENTIFIER
control field SGT
020 ## - INTERNATIONAL STANDARD BOOK NUMBER
International Standard Book Number 97893586649225
082 ## - DEWEY DECIMAL CLASSIFICATION NUMBER
Classification number 610.72
Item number R21K
100 ## - MAIN ENTRY--PERSONAL NAME
Personal name KOTHARI, C.R.
245 ## - TITLE STATEMENT
Title RESEARCH METHODOLOGY METHODS & TECHNIQUES
250 ## - EDITION STATEMENT
Edition statement 4TH
260 ## - PUBLICATION, DISTRIBUTION, ETC. (IMPRINT)
Place of publication, distribution, etc INDIA
Name of publisher, distributor, etc NEW AGE INTERNATIONAL
Year of Publication 2021
300 ## - PAGE DESCRIPTION
No. of Pages 458
650 ## - SUBJECT ADDED ENTRY--TOPICAL TERM
Topical term or geographic name as entry element RESEARCH
942 ## - ADDED ENTRY ELEMENTS (KOHA)
Source of classification or shelving scheme Dewey Decimal Classification
Koha item type Books
942 ## - ADDED ENTRY ELEMENTS (KOHA)
-- 191
Holdings
Withdrawn status Lost status Source of classification or shelving scheme Damaged status Not for loan Collection code Home library Current library Shelving location Date acquired Vendor Name Cost, normal purchase price SGTU Bill Number Total Checkouts Total Renewals Full call number Accession No. (Barcode) Date last seen Date last borrowed Bill Date Koha item type Checked out
    Dewey Decimal Classification     MEDICAL SGT Medical Library SGT Medical Library Text Book 26/03/2021 ABC DELHI 399.00 SGTU 12725 56 2 610.72 R21K FM12266 07/04/2026 30/03/2026 19/02/2021 Books  
    Dewey Decimal Classification     MEDICAL SGT Medical Library SGT Medical Library Text Book 26/03/2021 ABC DELHI 399.00 SGTU 12725 43 2 610.72 R21K FM12267 06/11/2024 06/11/2024 19/02/2021 Books 20/11/2024
    Dewey Decimal Classification     MEDICAL SGT Medical Library SGT Medical Library Text Book 26/03/2021 ABC DELHI 399.00 SGTU 12725 45   610.72 R21K FM12268 08/05/2026 26/03/2026 19/02/2021 Books  
    Dewey Decimal Classification     MEDICAL SGT Medical Library SGT Medical Library Text Book 26/03/2021 ABC DELHI 399.00 SGTU 12725 48 1 610.72 R21K FM12269 15/05/2026 05/05/2026 19/02/2021 Books  
    Dewey Decimal Classification     MEDICAL SGT Medical Library SGT Medical Library Text Book 26/03/2021 ABC DELHI 399.00 SGTU 12725 55 2 610.72 R21K FM12270 18/05/2026 18/05/2026 19/02/2021 Books 01/06/2026